On the wave problem of the elastic and viscoelastic half-space.

Bibliographic Details
Main Author: Valanis, K. C.
Format: Book
Language:English
Published: [Ames] : [Engineering Research Institute, Iowa State University], [1967?]
Series:Engineering report (Iowa Engineering Experiment Station) ; no. 51.
Iowa State University bulletin.
Subjects:

MARC

Tag First Indicator Second Indicator Subfields
LEADER 00000cam a2200000 4500
001 in00000097756
005 20150925115004.0
008 790314s1967 iau b s00000 eng d
035 |a (OCoLC)04739993 
035 |a AAL2951AM 
040 |a UUM  |c UUM  |d TXA  |d UtOrBLW 
049 |a TXAM  |c [1052468] 
090 |a TA7  |b .I83 no.51-57 
100 1 |a Valanis, K. C. 
245 1 0 |a On the wave problem of the elastic and viscoelastic half-space. 
264 1 |a [Ames] :  |b [Engineering Research Institute, Iowa State University],  |c [1967?] 
300 |a 27 pages 
336 |a text  |b txt  |2 rdacontent 
337 |a unmediated  |b n  |2 rdamedia 
338 |a volume  |b nc  |2 rdacarrier 
490 1 |a Iowa. State University of Science and Technology, Ames. Engineering Research Institute. Report ;  |v 51 
490 1 |a Iowa State University bulletin 
504 |a Bibliography: page [27]. 
650 0 |a Waves. 
830 0 |a Engineering report (Iowa Engineering Experiment Station) ;  |v no. 51. 
830 0 |a Iowa State University bulletin. 
999 |a MARS 
999 f f |s ff27fcc0-ceec-3c8e-925e-a6b34c331180  |i 2d87edca-98d3-38ea-bdca-ffc6e273ac34  |t 0 
952 f f |p normal  |a Texas A&M University  |b College Station  |c Sterling C. Evans Library  |d Evans: Library Stacks  |t 0  |e TA7 .I83 no.51-57  |h Library of Congress classification  |i unmediated -- volume  |m A14805285165 
998 f f |a TA7 .I83 no.51-57  |t 0  |l Evans: Library Stacks